<?xml version="1.0" encoding="UTF-8"?>
<collection xmlns="http://www.loc.gov/MARC21/slim">
 <record>
  <leader>00963pamaa2200217   4500</leader>
  <controlfield tag="001">0000021067</controlfield>
  <controlfield tag="005">20061213090000.0</controlfield>
  <datafield tag="020" ind1="0" ind2="0">
   <subfield code="a">0813516234 (pbk.) </subfield>
  </datafield>
  <datafield tag="090" ind1="0" ind2="0">
   <subfield code="a">PS310.F45 </subfield>
   <subfield code="b">MER 1990</subfield>
  </datafield>
  <datafield tag="100" ind1="1" ind2="0">
   <subfield code="a">MERRIN </subfield>
  </datafield>
  <datafield tag="245" ind1="1" ind2="3">
   <subfield code="a">An enabling humility : </subfield>
   <subfield code="b">Marianne Moore, Elizabeth Bishop, and the uses of tradition  </subfield>
   <subfield code="c">Jeredith Merrin.</subfield>
  </datafield>
  <datafield tag="260" ind1="0" ind2="0">
   <subfield code="a">New Brunswick, N.J.: </subfield>
   <subfield code="b">Rutgers University Press, </subfield>
   <subfield code="c">c1990.</subfield>
  </datafield>
  <datafield tag="300" ind1=" " ind2=" ">
   <subfield code="a">x, 185p.; </subfield>
   <subfield code="c">22 cm.</subfield>
  </datafield>
  <datafield tag="504" ind1="0" ind2="0">
   <subfield code="a">Includes bibliographical references (p. [171]-176) and index</subfield>
  </datafield>
  <datafield tag="600" ind1="1" ind2="0">
   <subfield code="a">Moore, Marianne, </subfield>
   <subfield code="d">1887-1972</subfield>
  </datafield>
  <datafield tag="600" ind1="1" ind2="0">
   <subfield code="a">Bishop, Elizabeth, </subfield>
   <subfield code="d">1911-1979</subfield>
  </datafield>
  <datafield tag="650" ind1="0" ind2="0">
   <subfield code="a">Feminism and literature -- </subfield>
   <subfield code="x">History -- </subfield>
   <subfield code="y">20th century -- </subfield>
   <subfield code="z">United States </subfield>
  </datafield>
  <datafield tag="650" ind1="0" ind2="0">
   <subfield code="a">Women and literature -- </subfield>
   <subfield code="x">History -- </subfield>
   <subfield code="y">20th century -- </subfield>
   <subfield code="z">United States </subfield>
  </datafield>
  <datafield tag="650" ind1="0" ind2="0">
   <subfield code="a">American poetry -- </subfield>
   <subfield code="x">Women authors -- </subfield>
   <subfield code="x">History and criticism </subfield>
  </datafield>
  <datafield tag="650" ind1="0" ind2="0">
   <subfield code="a">Influence (Literary, artistic, etc.) </subfield>
  </datafield>
  <datafield tag="650" ind1="0" ind2="0">
   <subfield code="a">American poetry -- </subfield>
   <subfield code="x">History and criticism -- </subfield>
   <subfield code="y">20th century </subfield>
  </datafield>
 </record>
</collection>
